01000nam a2200277Ia 4500001000600000003000500006008004100011010001100052040000900063090001600072100003600088245015400124260004100278300001000319502008100329650003400410650003600444700003900480901001600519902000600535910000900541942000600550942000600556999001900562952014100581Z_287CHAP220113s1968 xx 000 0 und d a163262 cCHAP aTesis A 430 aArias Bejarano, Salomón97040 aEstimación de la energía metabolizable del sorgo a partir de su análisis químico /cpor Salomón Arias Bejarano y Amador Callejas Alarcón aChapingo, Méx. :bEl autor,c1968 a76 h. aTesis (Ing. Agrónomo Esp. en Zootecnia) -- UACH. Departamento de Zootecnia aEnergía metabólica936906 aSorgoxValor nutritivo 9108733 aCallejas Alarcón, Amador9137558 aTESIS A 430 aM a1968 c2 c2 c163262d163262 00102local4051708TESISaZbZd2005-11-09eEl autorl0oTesis A75 430 1988p5101000611r2022-01-18 00:00:00tEj.1w2022-01-18yTESIS